| 000 | 00978nam a2200241Ia 4500 | ||
|---|---|---|---|
| 003 | OSt | ||
| 005 | 20200715150209.0 | ||
| 008 | 191128t2002 ck fr 000 0 spa d | ||
| 020 | _a9586824233 | ||
| 040 |
_aCO-JMCR _cCO-JMCR |
||
| 041 | 0 | _aspa | |
| 082 | 0 | 4 |
_a338.6048 / _bM777p _223 |
| 100 | 1 |
_aMontenegro, Santiago, _ecompilador _97307 |
|
| 245 | 1 | 0 |
_aPropuestas para una Colombia competitiva / _ccompiladores, Santiago Montenegro y Roberto Steiner |
| 260 |
_aBogotá : _bUniversidad de los Andes, _c©2002 |
||
| 300 |
_a384 Páginas ; _c23 cm. |
||
| 505 | 0 |
_tProyecto indicadores de competitividad / _rFabio Sanchez y Paula Acosca _tLa tecnología de la información y de las comunicaciones en Colombia / _rSantiago Montenegro y Luis Carlos Niño |
|
| 650 | 1 | 4 |
_aCompetitividad _zColombia _97308 |
| 650 | 1 | 4 |
_aCompetencia económica _zColombia _97309 |
| 651 |
_aColombia _xpolítica económica _96872 |
||
| 700 | 1 |
_aSteiner, Roberto, _ecompilador _97310 |
|
| 942 |
_2ddc _cBK |
||
| 999 |
_c3688 _d3688 |
||